00599cam a22002291 4500001001300000003000400013005001700017008004100034010001700075025001900092035002000111040002100131050001900152100001600171245002800187260001100215300001900226500001600245651005500261651003600316999001700352sa 67003264 DLC20260227112337.0940805s1962 ii 000 0 pano  asa 67003264  aPL480:I-Pu-843 a(OCoLC)30890849 aDLCcCUdCUdDLC00aDS485.K2bS5461 aSingh, Ram.10aKashamīra te Kullū. c[1962] a159 p.c18 cm. aIn Panjabi. 0aJammu and Kashmir (India)xDescription and travel. 0aPunjabxDescription and travel. c73749d73749